[Event "Liga Madrileña - DH 2012-2013"]
[Site "Madrid ESP"]
[Date "2013.03.10"]
[Round "13.15"]
[White "Vallejo Diaz, Jesus"]
[Black "Nunez Reiz, Antonio"]
[Result "0-1"]
[WhiteElo "2290"]
[BlackElo "2123"]
[PlyCount "106"]
[EventDate "2012.11.18"]
[EventRounds "14"]
[EventCountry "ESP"]
[Source "lmi"]
[SourceDate "2012.11.18"]
[WhiteTeam "Amigos del Retiro"]
[BlackTeam "Pueblo Nuevo"]
[WhiteTeamCountry "ESP"]
[BlackTeamCountry "ESP"]

1. e4 c5 2. Nf3 d6 3. c3 Nf6 4. h3 Nc6 5. Bd3 g6 6. O-O g5 7. Nh2 h5 8. Bc2 g4
9. h4 e5 10. g3 Be7 11. f4 gxf3 12. Qxf3 Be6 13. d3 Ng4 14. Bb3 Kd7 15. Bxe6+
fxe6 16. Nxg4 hxg4 17. Qxg4 Rg8 18. Bg5 Bxg5 19. hxg5 Qe7 20. g6 Rg7 21. Rf3
Rag8 22. Nd2 Rxg6 23. Qh3 Qg5 24. Nf1 Ne7 25. Ne3 Qxg3+ 26. Qxg3 Rxg3+ 27. Rxg3
Rxg3+ 28. Kf2 Rg5 29. Rh1 Ng6 30. Rh7+ Kc6 31. Rg7 Nf4 32. Rxg5 Nh3+ 33. Kg3
Nxg5 34. Kg4 Nf7 35. Kh5 Kd7 36. Kg6 Ke7 37. Ng4 b5 38. Ne3 Nd8 39. Kg7 Nc6 40.
Kg6 a5 41. a3 a4 42. Kg7 Na5 43. Ng4 c4 44. Nf2 d5 45. exd5 exd5 46. Kg6 Ke6
47. Kg5 cxd3 48. Nxd3 Nc4 49. Nc5+ Kd6 50. Nb7+ Kc7 51. Nc5 Nxb2 52. Kf5 e4 53.
Kf4 Nc4 0-1

[Event "Liga Madrileña - DH 2012-2013"]
[Site "Madrid ESP"]
[Date "2013.03.10"]
[Round "13.16"]
[White "Nieto de la Cruz, Julio"]
[Black "Carretero Calzon, Abel"]
[Result "1-0"]
[WhiteElo "2111"]
[BlackElo "2145"]
[PlyCount "45"]
[EventDate "2012.11.18"]
[EventRounds "14"]
[EventCountry "ESP"]
[Source "lmi"]
[SourceDate "2012.11.18"]
[WhiteTeam "Pueblo Nuevo"]
[BlackTeam "Amigos del Retiro"]
[WhiteTeamCountry "ESP"]
[BlackTeamCountry "ESP"]

1. d4 e6 2. c4 d5 3. Nc3 c6 4. e4 Nf6 5. e5 Nfd7 6. f4 Nb6 7. c5 N6d7 8. Nf3 b6
9. cxb6 axb6 10. Bd3 c5 11. f5 cxd4 12. fxe6 dxc3 13. exf7+ Ke7 14. Bg5+ Nf6
15. bxc3 Be6 16. O-O Nbd7 17. Qe2 Kxf7 18. exf6 g6 19. Bf4 h6 20. Bxg6+ Kxg6
21. Qxe6 Bc5+ 22. Kh1 Qxf6 23. Qg4+ 1-0

[Event "Liga Madrileña - DH 2012-2013"]
[Site "Madrid ESP"]
[Date "2013.03.10"]
[Round "13.21"]
[White "Moreno Trujillo, Alejandro"]
[Black "Arribas Lopez, Angel"]
[Result "1-0"]
[WhiteElo "2509"]
[BlackElo "2477"]
[PlyCount "77"]
[EventDate "2012.11.18"]
[EventRounds "14"]
[EventCountry "ESP"]
[Source "lmi"]
[SourceDate "2012.11.18"]
[WhiteTeam "64 Villalba"]
[BlackTeam "Virgen de Atocha"]
[WhiteTeamCountry "ESP"]
[BlackTeamCountry "ESP"]

1. d4 d6 2. Nf3 g6 3. c4 Bg7 4. e4 Bg4 5. Be2 c5 6. d5 Qa5+ 7. Nbd2 a6 8. a3 b5
9. O-O Nd7 10. Rb1 b4 11. Nb3 Qc7 12. axb4 Bxf3 13. Bxf3 cxb4 14. Be3 Ngf6 15.
Re1 a5 16. c5 a4 17. Nd4 dxc5 18. d6 Qxd6 19. e5 Nxe5 20. Bxa8 O-O 21. Nc6 Rxa8
22. Qxd6 exd6 23. Nxe5 dxe5 24. Bxc5 Bh6 25. Ra1 b3 26. Red1 Nh5 27. g3 Ng7 28.
Rxa4 Rc8 29. Bd6 Rd8 30. Rb4 Nf5 31. Rb8 Rxb8 32. Bxb8 Nd4 33. Kg2 Bg7 34. Ba7
Nc6 35. Bb6 f5 36. Rd3 e4 37. Rxb3 Kf7 38. Be3 Ke6 39. Rb7 1-0

[Event "Liga Madrileña - DH 2012-2013"]
[Site "Madrid ESP"]
[Date "2013.03.10"]
[Round "13.22"]
[White "Almagro Llanas, Pablo"]
[Black "Huerga Leache, Mikel"]
[Result "1-0"]
[WhiteElo "2442"]
[BlackElo "2450"]
[PlyCount "93"]
[EventDate "2012.11.18"]
[EventRounds "14"]
[EventCountry "ESP"]
[Source "lmi"]
[SourceDate "2012.11.18"]
[WhiteTeam "Virgen de Atocha"]
[BlackTeam "64 Villalba"]
[WhiteTeamCountry "ESP"]
[BlackTeamCountry "ESP"]

1. d4 Nf6 2. Nf3 c5 3. d5 e6 4. c4 b5 5. Bg5 h6 6. Bxf6 Qxf6 7. e4 Qxb2 8. Nbd2
b4 9. Bd3 g5 10. h3 Bg7 11. Rb1 Qc3 12. Rb3 Qa1 13. Rb1 Qc3 14. Bc2 Ba6 15. Rb3
Qa1 16. Bb1 d6 17. O-O Nd7 18. e5 exd5 19. exd6 O-O-O 20. Re3 Qf6 21. cxd5 Qxd6
22. Bd3 Kb8 23. a3 Rhe8 24. Rxe8 Rxe8 25. Bc4 Bxc4 26. Nxc4 Qa6 27. Qb3 Bc3 28.
Rc1 Ka8 29. Rc2 Re4 30. Ne3 f5 31. axb4 Qa1+ 32. Kh2 cxb4 33. Ra2 Nc5 34. Qc2
Be5+ 35. g3 Qc3 36. Qd1 b3 37. Re2 f4 38. d6 Bd4 39. d7 fxg3+ 40. Kg2 Nxd7 41.
Nd5 Rxe2 42. Nxc3 Rxf2+ 43. Kxg3 Ne5 44. Nxe5 Rf4 45. Nf3 Bxc3 46. Qd5+ Kb8 47.
Qxb3+ 1-0

[Event "Liga Madrileña - DH 2012-2013"]
[Site "Madrid ESP"]
[Date "2013.03.10"]
[Round "13.23"]
[White "Bolado Saez, Sergio"]
[Black "Rubio Mejia, Luis Ignacio"]
[Result "1/2-1/2"]
[WhiteElo "2388"]
[BlackElo "2432"]
[PlyCount "74"]
[EventDate "2012.11.18"]
[EventRounds "14"]
[EventCountry "ESP"]
[Source "lmi"]
[SourceDate "2012.11.18"]
[WhiteTeam "64 Villalba"]
[BlackTeam "Virgen de Atocha"]
[WhiteTeamCountry "ESP"]
[BlackTeamCountry "ESP"]

1. c4 e5 2. Nc3 Nf6 3. Nf3 Nc6 4. g3 Bb4 5. Qc2 O-O 6. Bg2 Re8 7. O-O e4 8. Ng5
Bxc3 9. bxc3 Qe7 10. d3 exd3 11. exd3 d6 12. Rb1 h6 13. Ne4 Nxe4 14. Bxe4 Bh3
15. Rxb7 Bxf1 16. Kxf1 Ne5 17. Kg2 Reb8 18. Qb3 Rxb7 19. Qxb7 Rd8 20. Be3 Re8
21. c5 Ng4 22. Bf4 dxc5 23. Qxa7 c4 24. Bf3 Ne5 25. Bxe5 Qxe5 26. dxc4 Re6 27.
Qb8+ Kh7 28. Qb1+ g6 29. Bd5 Rf6 30. Qc2 Kg7 31. h4 h5 32. Qd2 Ra6 33. Qb2 Rb6
34. Qc2 Qe1 35. Qd3 Qe5 36. c5 Rb2 37. a4 Qf6 1/2-1/2

[Event "Liga Madrileña - DH 2012-2013"]
[Site "Madrid ESP"]
[Date "2013.03.10"]
[Round "13.24"]
[White "Martinez Martin, David"]
[Black "Renteria Becerra, Jorge Elicer"]
[Result "0-1"]
[WhiteElo "2388"]
[BlackElo "2300"]
[PlyCount "76"]
[EventDate "2012.11.18"]
[EventRounds "14"]
[EventCountry "ESP"]
[Source "lmi"]
[SourceDate "2012.11.18"]
[WhiteTeam "Virgen de Atocha"]
[BlackTeam "64 Villalba"]
[WhiteTeamCountry "ESP"]
[BlackTeamCountry "ESP"]

1. e4 c5 2. Nc3 d6 3. Nge2 a6 4. g3 b5 5. Bg2 Bb7 6. d4 b4 7. Na4 Nd7 8. O-O
Ngf6 9. d5 g6 10. b3 Bg7 11. Bb2 O-O 12. c4 a5 13. Nf4 Nb6 14. Nxb6 Qxb6 15.
Qc2 a4 16. e5 dxe5 17. Bxe5 axb3 18. axb3 Ra3 19. Rab1 Rfa8 20. Rfe1 Ra2 21.
Qd1 R8a7 22. h4 Bc8 23. d6 e6 24. h5 Ne8 25. hxg6 hxg6 26. Qd3 Bxe5 27. Rxe5
Nxd6 28. Rd1 Ra1 29. Rxa1 Rxa1+ 30. Kh2 Nf5 31. Qd2 Bb7 32. Rxf5 Bxg2 33. Rg5
Be4 34. f3 Qa5 35. Qd7 Qa2+ 36. Ng2 Qb1 37. g4 Qg1+ 38. Kg3 Ra2 0-1

[Event "Liga Madrileña - DH 2012-2013"]
[Site "Madrid ESP"]
[Date "2013.03.10"]
[Round "13.25"]
[White "Rioboo de la Riva, Alvaro"]
[Black "Vazquez Torres, Adrian"]
[Result "1/2-1/2"]
[WhiteElo "2233"]
[BlackElo "2205"]
[PlyCount "116"]
[EventDate "2012.11.18"]
[EventRounds "14"]
[EventCountry "ESP"]
[Source "lmi"]
[SourceDate "2012.11.18"]
[WhiteTeam "64 Villalba"]
[BlackTeam "Virgen de Atocha"]
[WhiteTeamCountry "ESP"]
[BlackTeamCountry "ESP"]

1. e4 e5 2. Nf3 Nf6 3. Nxe5 d6 4. Nf3 Nxe4 5. Nc3 Nxc3 6. dxc3 Be7 7. Bf4 Nd7
8. Qd2 Nc5 9. O-O-O O-O 10. h3 Ne6 11. c4 Nxf4 12. Qxf4 c6 13. Bd3 Bf6 14. c3
Qa5 15. Kb1 Qc5 16. Rd2 Be6 17. g4 Rfe8 18. Re1 Rad8 19. g5 Be5 20. Nxe5 dxe5
21. Rxe5 Qf8 22. h4 g6 23. Kc1 Rd7 24. Be2 Rxd2 25. Qxd2 Rd8 26. Qe3 Qd6 27. h5
Kf8 28. hxg6 hxg6 29. Qc5 Qxc5 30. Rxc5 Ke7 31. Ra5 a6 32. Re5 Kd6 33. f4 Rh8
34. Bd3 c5 35. Re2 Rh3 36. Be4 Bxc4 37. Rd2+ Kc7 38. Bg2 Re3 39. b3 Bd3 40. Bd5
Bf5 41. c4 Re1+ 42. Rd1 Re2 43. Rd2 Re1+ 44. Rd1 Re2 45. Rh1 Rxa2 46. Rh7 b5
47. Bxf7 Kd6 48. Rg7 Ra1+ 49. Kd2 Ra2+ 50. Kc1 Ra1+ 51. Kd2 Ra2+ 52. Ke3 Ra3
53. Bxg6 Rxb3+ 54. Kd2 Rb2+ 55. Ke3 Rb3+ 56. Kd2 Rb2+ 57. Ke3 Rb3+ 58. Kd2 Rb2+
1/2-1/2

[Event "Liga Madrileña - DH 2012-2013"]
[Site "Madrid ESP"]
[Date "2013.03.10"]
[Round "13.26"]
[White "Aragon Gutierrez, Alejandro"]
[Black "Lopez del Alamo, Antonio"]
[Result "0-1"]
[WhiteElo "1802"]
[BlackElo "2241"]
[PlyCount "64"]
[EventDate "2012.11.18"]
[EventRounds "14"]
[EventCountry "ESP"]
[Source "lmi"]
[SourceDate "2012.11.18"]
[WhiteTeam "Virgen de Atocha"]
[BlackTeam "64 Villalba"]
[WhiteTeamCountry "ESP"]
[BlackTeamCountry "ESP"]

1. d4 Nf6 2. Nf3 g6 3. c4 Bg7 4. Nc3 O-O 5. e4 d6 6. Be2 e5 7. O-O Na6 8. d5
Nc5 9. Qc2 a5 10. Be3 Nfd7 11. Nd2 f5 12. f3 f4 13. Bf2 g5 14. a3 a4 15. Rfe1
h5 16. b4 axb3 17. Nxb3 Nxb3 18. Qxb3 Rf6 19. c5 Nf8 20. cxd6 cxd6 21. Rec1 Rg6
22. Qb6 Qf6 23. Kf1 g4 24. Nb5 g3 25. hxg3 fxg3 26. Bg1 h4 27. Nc7 Ra4 28. Ne8
Qg5 29. Rxc8 h3 30. gxh3 g2+ 31. Ke1 Rd4 32. Bxd4 exd4 0-1

[Event "Liga Madrileña - DH 2012-2013"]
[Site "Madrid ESP"]
[Date "2013.03.10"]
[Round "13.31"]
[White "Candela Perez, Jose"]
[Black "Alcazar Jimenez, Victor Manuel"]
[Result "1-0"]
[WhiteElo "2393"]
[BlackElo "2373"]
[PlyCount "117"]
[EventDate "2012.11.18"]
[EventRounds "14"]
[EventCountry "ESP"]
[Source "lmi"]
[SourceDate "2012.11.18"]
[WhiteTeam "Casa del Ajedrez"]
[BlackTeam "Blanco y Negro"]
[WhiteTeamCountry "ESP"]
[BlackTeamCountry "ESP"]

1. d4 Nf6 2. c4 e6 3. Nf3 Bb4+ 4. Nbd2 b6 5. e3 Bb7 6. Bd3 O-O 7. O-O d5 8. a3
Be7 9. b4 dxc4 10. Nxc4 Nbd7 11. Bb2 c5 12. dxc5 bxc5 13. b5 Nb6 14. Na5 Bd5
15. Ne5 Qc7 16. Qc2 Bd6 17. f4 Rac8 18. Rac1 h6 19. Nec4 Nxc4 20. Nxc4 Bxc4 21.
Qxc4 Be7 22. e4 Rfd8 23. Rce1 Nd7 24. Qc3 Bf8 25. Kh1 c4 26. Bc2 f6 27. Rd1 e5
28. g3 Kh8 29. Rd2 Be7 30. a4 Qb7 31. Rfd1 Qc7 32. f5 Qb7 33. Ba3 Nb6 34. Rxd8+
Bxd8 35. Qb4 Qf7 36. a5 Nd7 37. Qd6 Qh5 38. Rf1 Nb8 39. Bb4 Bc7 40. Qd1 Qf7 41.
Qd5 Qe8 42. Rd1 Qh5 43. Rf1 Qe8 44. Ba4 Rd8 45. Qxc4 Bd6 46. Bxd6 Rxd6 47. Rd1
Rd4 48. Rxd4 exd4 49. Qxd4 Qc8 50. Kg2 Kh7 51. Bb3 Nd7 52. Qxa7 Ne5 53. Qe3 Ng4
54. Qe2 Ne5 55. a6 Qc5 56. Bd5 Qd4 57. Qf2 Qa4 58. a7 Ng4 59. a8=Q 1-0

[Event "Liga Madrileña - DH 2012-2013"]
[Site "Madrid ESP"]
[Date "2013.03.10"]
[Round "13.32"]
[White "Alarcia Astriz, Carlos"]
[Black "Gallego Jimenez, Victoriano"]
[Result "1-0"]
[WhiteElo "2335"]
[BlackElo "2385"]
[PlyCount "93"]
[EventDate "2012.11.18"]
[EventRounds "14"]
[EventCountry "ESP"]
[Source "lmi"]
[SourceDate "2012.11.18"]
[WhiteTeam "Blanco y Nuevo"]
[BlackTeam "Casa del Ajedrez"]
[WhiteTeamCountry "ESP"]
[BlackTeamCountry "ESP"]

1. c4 Nf6 2. Nc3 c6 3. d4 d5 4. e3 e6 5. Nf3 Nbd7 6. Bd3 dxc4 7. Bxc4 b5 8. Be2
Bb7 9. O-O a6 10. a4 Be7 11. Nd2 b4 12. Nce4 c5 13. Bf3 Qc7 14. dxc5 Nxe4 15.
Nxe4 Bxe4 16. Bxe4 Rd8 17. Qd4 O-O 18. Qxb4 Nxc5 19. Qc4 Bd6 20. h3 Nxe4 21.
Qxe4 a5 22. b3 Rb8 23. Rb1 Rb4 24. Qf3 Rfb8 25. Ba3 Rxb3 26. Bxd6 Qxd6 27. Rxb3
Rxb3 28. Qa8+ Rb8 29. Qxa5 h6 30. Qc3 Qd7 31. Ra1 Rc8 32. Qd4 Qxd4 33. exd4 Kf8
34. a5 Ke7 35. Kf1 Kd6 36. Ke2 Rb8 37. a6 Ra8 38. a7 Kc7 39. Kd3 Kb7 40. Ke4 f6
41. Ra2 Rxa7 42. Rxa7+ Kxa7 43. d5 f5+ 44. Ke5 exd5 45. Kxd5 f4 46. Ke6 Kb6 47.
Kf7 1-0

[Event "Liga Madrileña - DH 2012-2013"]
[Site "Madrid ESP"]
[Date "2013.03.10"]
[Round "13.33"]
[White "Bass, Leonid"]
[Black "Alcazar Jimenez, Jesus Alberto"]
[Result "1-0"]
[WhiteElo "2419"]
[BlackElo "2231"]
[PlyCount "121"]
[EventDate "2012.11.18"]
[EventRounds "14"]
[EventCountry "ESP"]
[Source "lmi"]
[SourceDate "2012.11.18"]
[WhiteTeam "Casa del Ajedrez"]
[BlackTeam "Blanco y Negro"]
[WhiteTeamCountry "ESP"]
[BlackTeamCountry "ESP"]

1. d4 Nf6 2. c4 c5 3. d5 b5 4. cxb5 a6 5. bxa6 Bxa6 6. Nc3 d6 7. g3 g6 8. Bg2
Bg7 9. Nf3 O-O 10. O-O Nbd7 11. Rb1 Qa5 12. Bd2 Rfb8 13. Qc2 Ne8 14. a4 Qb6 15.
b3 Nc7 16. Rfd1 Bb7 17. e4 Na6 18. Nb5 Nc7 19. a5 Rxa5 20. Bxa5 Qxa5 21. Nxc7
Qxc7 22. Bf1 Qa5 23. Qc4 Bc8 24. Qa4 Qc3 25. Rd3 Qc2 26. Re1 h6 27. Qc6 Bf6 28.
Kg2 Kg7 29. Qc7 Ba6 30. Rde3 Rb7 31. Qc6 Nb8 32. Qa4 Rb4 33. Qa3 Bxf1+ 34. Kxf1
Nd7 35. Rc1 Qb2 36. Qxb2 Bxb2 37. Rc4 Rb7 38. Ra4 Bf6 39. h3 Bb2 40. Ke2 Bf6
41. Rd3 Nb6 42. Ra5 Nd7 43. Nd2 Rb4 44. Ra7 Ne5 45. Re3 g5 46. Ra4 Rb7 47. f4
Ng6 48. Rf3 Bb2 49. Nc4 Bd4 50. Na5 Rc7 51. Nc6 Bf6 52. Ra7 Rxa7 53. Nxa7 Bb2
54. Rf2 gxf4 55. gxf4 f5 56. Kd3 Bf6 57. Nc6 fxe4+ 58. Kxe4 Kf7 59. Rf1 Bg7 60.
Rg1 Nf8 61. Kf5 1-0

[Event "Liga Madrileña - DH 2012-2013"]
[Site "Madrid ESP"]
[Date "2013.03.10"]
[Round "13.34"]
[White "Garrido Olivares, Ricard"]
[Black "Rojo Huerta, Gabriel"]
[Result "0-1"]
[WhiteElo "2218"]
[BlackElo "2356"]
[PlyCount "46"]
[EventDate "2012.11.18"]
[EventRounds "14"]
[EventCountry "ESP"]
[Source "lmi"]
[SourceDate "2012.11.18"]
[WhiteTeam "Blanco y Negro"]
[BlackTeam "Casa del Ajedrez"]
[WhiteTeamCountry "ESP"]
[BlackTeamCountry "ESP"]

1. Nf3 c5 2. c4 Nc6 3. d4 cxd4 4. Nxd4 Nf6 5. Nc3 Qb6 6. Nb3 e6 7. a3 d6 8. e4
Be7 9. Be3 Qd8 10. Be2 b6 11. f4 Bb7 12. Bf3 O-O 13. O-O Rc8 14. Rc1 Re8 15. g4
Nd7 16. Qe2 Nc5 17. Nd2 e5 18. f5 Nd4 19. Bxd4 exd4 20. Nb5 Bg5 21. Nxd4 Qf6
22. Nb5 Qxb2 23. Rfd1 a6 0-1

[Event "Liga Madrileña - DH 2012-2013"]
[Site "Madrid ESP"]
[Date "2013.03.10"]
[Round "13.35"]
[White "Unciti Juan, Javier"]
[Black "Mena Borras, Mario"]
[Result "0-1"]
[WhiteElo "2196"]
[BlackElo "2098"]
[PlyCount "131"]
[EventDate "2012.11.18"]
[EventRounds "14"]
[EventCountry "ESP"]
[Source "lmi"]
[SourceDate "2012.11.18"]
[WhiteTeam "Casa del Ajedrez"]
[BlackTeam "Blanco y Negro"]
[WhiteTeamCountry "ESP"]
[BlackTeamCountry "ESP"]

1. e4 e6 2. d4 d5 3. Nc3 Nf6 4. Bg5 Be7 5. e5 Nfd7 6. h4 a6 7. Qg4 f5 8. Qh5+
g6 9. Qh6 Bxg5 10. hxg5 Qe7 11. Nf3 Nf8 12. O-O-O Nbd7 13. Be2 Nb6 14. Nh4 Rg8
15. Nf3 Bd7 16. Ne1 Na4 17. Nxa4 Bxa4 18. f4 O-O-O 19. Rh3 Kb8 20. Ra3 Be8 21.
Qh3 Bb5 22. Bxb5 axb5 23. Nd3 Nd7 24. Rb3 c6 25. Rh1 Rg7 26. Qe3 Nb6 27. Nc5
Nd7 28. Qc3 Nxc5 29. dxc5 d4 30. Qa5 Rd5 31. Ra3 Qxc5 32. Qa8+ Kc7 33. Qh8 Rdd7
34. Ra8 b4 35. Qb8+ Kb6 36. Qa7+ Kb5 37. Qa4+ Kb6 38. Qa7+ Kb5 39. Qa5+ Kc4 40.
Qa4 Kd5 41. Rd1 b5 42. Qb3+ Qc4 43. Qf3+ Kc5 44. a3 Ra7 45. Rc8 Rgc7 46. Rxc7
Rxc7 47. b3 Qc3 48. axb4+ Qxb4 49. c3 Qxc3+ 50. Qxc3+ dxc3 51. Rd6 Re7 52. Kc2
b4 53. Kd3 Re8 54. Kc2 Ra8 55. Rxe6 Ra2+ 56. Kb1 Rxg2 57. Re7 Rb2+ 58. Kc1 Rxb3
59. Rd7 Rb2 60. e6 Re2 61. e7 b3 62. Kd1 Re4 63. Rb7 Kc4 64. Ra7 b2 65. Rb7
Rxe7 66. Kc2 0-1

[Event "Liga Madrileña - DH 2012-2013"]
[Site "Madrid ESP"]
[Date "2013.03.10"]
[Round "13.36"]
[White "Rivera Leon, Mauro Arturo"]
[Black "Collado Barbas, Laura"]
[Result "0-1"]
[WhiteElo "2082"]
[BlackElo "2151"]
[PlyCount "68"]
[EventDate "2012.11.18"]
[EventRounds "14"]
[EventCountry "ESP"]
[Source "lmi"]
[SourceDate "2012.11.18"]
[WhiteTeam "Blanco y Negro"]
[BlackTeam "Casa del Ajedrez"]
[WhiteTeamCountry "ESP"]
[BlackTeamCountry "ESP"]

1. e4 e6 2. d4 d5 3. Nc3 Nc6 4. Nf3 Nf6 5. e5 Ne4 6. Ne2 f6 7. g3 fxe5 8. dxe5
Bc5 9. Nfd4 Nxe5 10. Bg2 O-O 11. f3 Qf6 12. O-O Nd6 13. Kh1 Ng6 14. f4 c6 15.
Nb3 Bb6 16. Bd2 Nc4 17. Bc3 Qe7 18. Qd3 Ne3 19. Rf3 Ng4 20. Be1 e5 21. fxe5
Rxf3 22. Qxf3 N6xe5 23. Qc3 Bd7 24. a4 a6 25. a5 Ba7 26. Ra4 Nc4 27. Nf4 Re8
28. Ra1 Nce3 29. Qd2 Nxg2 30. Nxg2 Qe4 31. Qd3 Qe5 32. Qc3 Qh5 33. h4 Qf5 34.
Qd3 Rxe1+ 0-1

[Event "Liga Madrileña - DH 2012-2013"]
[Site "Madrid ESP"]
[Date "2013.03.10"]
[Round "13.41"]
[White "Ortega Ruiz, Jose Miguel"]
[Black "Vazquez Igarza, Renier"]
[Result "1/2-1/2"]
[WhiteElo "2323"]
[BlackElo "2565"]
[PlyCount "30"]
[EventDate "2012.11.18"]
[EventRounds "14"]
[EventCountry "ESP"]
[Source "lmi"]
[SourceDate "2012.11.18"]
[WhiteTeam "Cafe Comercial"]
[BlackTeam "Collado Villalba"]
[WhiteTeamCountry "ESP"]
[BlackTeamCountry "ESP"]

1. d4 Nf6 2. c4 e6 3. Nf3 d5 4. e3 dxc4 5. Bxc4 a6 6. O-O c5 7. Qe2 b5 8. Bb3
Bb7 9. Rd1 Nbd7 10. Nc3 Be7 11. e4 b4 12. e5 bxc3 13. exf6 Bxf6 14. d5 e5 15.
bxc3 O-O 1/2-1/2

[Event "Liga Madrileña - DH 2012-2013"]
[Site "Madrid ESP"]
[Date "2013.03.10"]
[Round "13.42"]
[White "Moreno Ruiz, Javier"]
[Black "Arruebarrena, Rafael"]
[Result "1-0"]
[WhiteElo "2492"]
[BlackElo "2245"]
[PlyCount "83"]
[EventDate "2012.11.18"]
[EventRounds "14"]
[EventCountry "ESP"]
[Source "lmi"]
[SourceDate "2012.11.18"]
[WhiteTeam "Collado Villalba"]
[BlackTeam "Cafe Comercial"]
[WhiteTeamCountry "ESP"]
[BlackTeamCountry "ESP"]

1. d4 Nf6 2. c4 g6 3. Nc3 d5 4. cxd5 Nxd5 5. e4 Nxc3 6. bxc3 Bg7 7. Be3 c5 8.
Nf3 Qa5 9. Qd2 Nc6 10. Rb1 cxd4 11. cxd4 Qxd2+ 12. Kxd2 O-O 13. d5 Rd8 14. Bd3
Na5 15. Bg5 f5 16. Bxe7 Rd7 17. Bb4 fxe4 18. Bxe4 Nc4+ 19. Kd3 Nd6 20. Bxd6
Rxd6 21. Rhc1 b6 22. Nd4 Bb7 23. Nb5 Rd7 24. d6 Bxe4+ 25. Kxe4 Rad8 26. Rc7 a6
27. Rxd7 Rxd7 28. Kd5 axb5 29. Ke6 Rd8 30. d7 Bf8 31. Rxb5 Bc5 32. f4 Kf8 33.
a4 Bg1 34. h3 Be3 35. Rb4 Ra8 36. Rc4 Bc5 37. a5 bxa5 38. Rxc5 Ra6+ 39. Rc6
Rxc6+ 40. Kd5 Ke7 41. Kxc6 Kd8 42. g4 1-0

[Event "Liga Madrileña - DH 2012-2013"]
[Site "Madrid ESP"]
[Date "2013.03.10"]
[Round "13.43"]
[White "Castellanos Vazquez, Jorge"]
[Black "Garrido Dominguez, Jesus"]
[Result "0-1"]
[WhiteElo "2191"]
[BlackElo "2400"]
[PlyCount "60"]
[EventDate "2012.11.18"]
[EventRounds "14"]
[EventCountry "ESP"]
[Source "lmi"]
[SourceDate "2012.11.18"]
[WhiteTeam "Cafe Comercial"]
[BlackTeam "Collado Villalba"]
[WhiteTeamCountry "ESP"]
[BlackTeamCountry "ESP"]

1. e4 e5 2. Nf3 Nc6 3. Bb5 Nd4 4. Nxd4 exd4 5. O-O c6 6. Bc4 Nf6 7. e5 d5 8.
Be2 Ng8 9. d3 Qc7 10. Re1 Ne7 11. Bf4 Be6 12. Bg4 h6 13. Nd2 O-O-O 14. a3 g5
15. Bg3 Qd7 16. h3 c5 17. b4 Nc6 18. bxc5 Bxc5 19. Nb3 Bb6 20. a4 Na5 21. Qd2
Qc7 22. Rec1 Kb8 23. Qb4 h5 24. Bxe6 fxe6 25. Nxd4 Qf7 26. h4 gxh4 27. Bxh4
Rdg8 28. Ne2 Rg4 29. Qe7 Qf3 30. Kf1 Qxg2+ 0-1

[Event "Liga Madrileña - DH 2012-2013"]
[Site "Madrid ESP"]
[Date "2013.03.10"]
[Round "13.44"]
[White "Pastor Alonso de Prado, Alberto"]
[Black "Hinojar Diez, David"]
[Result "1/2-1/2"]
[WhiteElo "2143"]
[BlackElo "2172"]
[PlyCount "80"]
[EventDate "2012.11.18"]
[EventRounds "14"]
[EventCountry "ESP"]
[Source "lmi"]
[SourceDate "2012.11.18"]
[WhiteTeam "Collado Villalba"]
[BlackTeam "Cafe Comercial"]
[WhiteTeamCountry "ESP"]
[BlackTeamCountry "ESP"]

1. e4 c5 2. c3 d6 3. d4 cxd4 4. cxd4 Nf6 5. Nc3 g6 6. f3 Bg7 7. Be3 Qa5 8. Qd2
Nc6 9. Bc4 O-O 10. Nge2 a6 11. O-O-O b5 12. Bb3 Qc7 13. Kb1 Na5 14. Nd5 Nxd5
15. Bxd5 Nc4 16. Qc2 Bb7 17. Bxc4 bxc4 18. d5 Rfc8 19. Bd4 Bxd4 20. Rxd4 a5 21.
g4 Qb6 22. Qc3 a4 23. a3 Rc5 24. Rc1 Rb5 25. Rxc4 Qf2 26. Nd4 Rb6 27. Rc2 Qg1+
28. Ka2 Qd1 29. h4 Ba6 30. Rxa4 Rab8 31. Qd2 Rxb2+ 32. Rxb2 Rxb2+ 33. Qxb2 Qxa4
34. Qc3 Qd1 35. h5 Bd3 36. a4 Qxa4+ 37. Kb2 Bc4 38. h6 f6 39. g5 Kf7 40. gxf6
exf6 1/2-1/2

[Event "Liga Madrileña - DH 2012-2013"]
[Site "Madrid ESP"]
[Date "2013.03.10"]
[Round "13.45"]
[White "Bertino, Paolo"]
[Black "Bote Alvarez-Carrasco, Valentin"]
[Result "0-1"]
[WhiteElo "2067"]
[BlackElo "2130"]
[PlyCount "136"]
[EventDate "2012.11.18"]
[EventRounds "14"]
[EventCountry "ESP"]
[Source "lmi"]
[SourceDate "2012.11.18"]
[WhiteTeam "Cafe Comercial"]
[BlackTeam "Collado Villalba"]
[WhiteTeamCountry "ESP"]
[BlackTeamCountry "ESP"]

1. d4 Nf6 2. Bg5 d5 3. Bxf6 exf6 4. e3 Be6 5. c4 dxc4 6. Nd2 Bb4 7. Ngf3 b5 8.
a3 Ba5 9. g3 O-O 10. Bg2 f5 11. O-O Bd5 12. Qc2 Bxd2 13. Nxd2 Bxg2 14. Kxg2
Qd5+ 15. Kg1 Nd7 16. a4 c6 17. Nb1 a6 18. Nc3 Qf3 19. d5 Ne5 20. Rfd1 b4 21.
Ne2 Nd3 22. Nd4 Qxd5 23. Nxc6 Qxc6 24. Rxd3 Rfd8 25. Rc1 g6 26. Qxc4 Qxa4 27.
Rd5 a5 28. Kg2 Qe8 29. Rd4 Rxd4 30. exd4 Qe4+ 31. f3 Qe3 32. Rc2 Rd8 33. d5 Qe5
34. Rd2 Qd6 35. Qb5 Ra8 36. Rc2 Qa6 37. Qd7 Qf6 38. Rc8+ Rxc8 39. Qxc8+ Kg7 40.
Qc2 a4 41. Qd2 a3 42. bxa3 bxa3 43. d6 Qb2 44. Qxb2+ axb2 45. d7 b1=Q 46. d8=Q
Qc2+ 47. Kg1 Qc5+ 48. Kg2 Qe3 49. Qd1 h5 50. h4 f4 51. gxf4 Qxf4 52. Qe1 Kh7
53. Qe7 Qd2+ 54. Kg3 Qd5 55. Qf6 Kg8 56. Qc3 Qd1 57. Qf6 Qe1+ 58. Kg2 Qe6 59.
Qf4 Qf5 60. Qb8+ Kg7 61. Qd8 Qf6 62. Qxf6+ Kxf6 63. Kf2 Kf5 64. Kg3 f6 65. Kg2
Kf4 66. Kf2 g5 67. hxg5 fxg5 68. Kg2 h4 0-1

[Event "Liga Madrileña - DH 2012-2013"]
[Site "Madrid ESP"]
[Date "2013.03.10"]
[Round "13.46"]
[White "Lorite Cruz, Francisco"]
[Black "Galan Fernandez, Felix"]
[Result "1/2-1/2"]
[WhiteElo "2046"]
[BlackElo "2004"]
[PlyCount "42"]
[EventDate "2012.11.18"]
[EventRounds "14"]
[EventCountry "ESP"]
[Source "lmi"]
[SourceDate "2012.11.18"]
[WhiteTeam "Collado Villalba"]
[BlackTeam "Cafe Comercial"]
[WhiteTeamCountry "ESP"]
[BlackTeamCountry "ESP"]

1. e4 e6 2. d4 d5 3. exd5 exd5 4. Bd3 Bd6 5. Qf3 Nc6 6. c3 Be6 7. Ne2 Qd7 8.
Bf4 Nf6 9. h3 O-O 10. Nd2 Rfe8 11. Bxd6 Qxd6 12. O-O Rad8 13. g4 Ne7 14. Rae1
Ng6 15. Qg3 Qxg3+ 16. fxg3 Bc8 17. Bxg6 hxg6 18. Nf4 c6 19. Nd3 Rxe1 20. Rxe1
Re8 21. Re5 Kf8 1/2-1/2